Quản trị sản xuất và dịch vụ : Lý thuyết và bài tập
Kiến thức lý thuyết và bài tập về quản trị sản xuất và dịch vụ; một số khái niệm chung; Vấn đề năng xuất và dịch vụ; Nội dung quản trị sản xuất và dịch vụ; Các loại dự báo và các nhân tố tác động đến dự báo nhu cầu; Các phương ph...
Guardat en:
| Autor principal: | |
|---|---|
| Format: | Llibre |
| Idioma: | Undetermined |
| Publicat: |
Hà Nội
Thống Kê
2004
|
| Matèries: | |
| Etiquetes: |
Afegir etiqueta
Sense etiquetes, Sigues el primer a etiquetar aquest registre!
|
| Thư viện lưu trữ: | Trung tâm Học liệu Trường Đại học Cần Thơ |
|---|
| LEADER | 01130nam a2200217Ia 4500 | ||
|---|---|---|---|
| 001 | CTU_65023 | ||
| 008 | 210402s9999 xx 000 0 und d | ||
| 020 | |b 49000 | ||
| 082 | |a 658.56 | ||
| 082 | |b Ph561 | ||
| 100 | |a Đồng, Thị Thanh Phương | ||
| 245 | 0 | |a Quản trị sản xuất và dịch vụ : | |
| 245 | 0 | |b Lý thuyết và bài tập | |
| 245 | 0 | |c Đồng Thị Thanh Phương | |
| 260 | |a Hà Nội | ||
| 260 | |b Thống Kê | ||
| 260 | |c 2004 | ||
| 520 | |a Kiến thức lý thuyết và bài tập về quản trị sản xuất và dịch vụ; một số khái niệm chung; Vấn đề năng xuất và dịch vụ; Nội dung quản trị sản xuất và dịch vụ; Các loại dự báo và các nhân tố tác động đến dự báo nhu cầu; Các phương pháp dự báo. Mỗi chương giới thiệu bài tập thực hành. | ||
| 650 | |a Industrial management,Quản trị xí nghiệp | ||
| 904 | |i Qhiếu đã sửa | ||
| 980 | |a Trung tâm Học liệu Trường Đại học Cần Thơ | ||